000 00694pam a2200241 a 4500
001 1389533
005 20180118052610.0
008 821227s1983 nyua b 001 0 eng
010 _a 82024474
020 _a0121287505
040 _aDLC
_cDLC
_dDLC
041 _aeng
043 _ae-sw---
080 _a304.6
082 0 0 _a304.6 BRE
_219
100 1 _a5
101 _aSTO
245 1 0 _aAge, time, and fertility :
_cby Mary B. Breckenridge ; with an appendix by John W. Tukey.
504 _aBibliography: p. 299-304.
740 0 _aExploratory data analysis.
906 _a7
_bcbc
_corignew
_d1
_eocip
_f19
_gy-gencatlg
942 _2ddc
_cBK
999 _c40465
_d40465